000 00797cam a2200289 4500
001 ABS65343
008 020415n2002 000 0 eng u
035 _a(Sirsi) u117470
245 _aFocus 2002: Manchester industrial
260 _c2002
490 _aEstates Gazette
_v(0212) 23 March 2002, 73-103(13)
590 _aABS
650 _aMANCHESTER
650 _aBUSINESS PARKS
650 _aKINGSWAY
650 _aRAIL FREIGHT
650 _aGREENFIELD LAND
650 _aINDUSTRIAL INVESTMENT
650 _aINDUSTRIAL MARKET
650 _aINDUSTRIAL DEVELOPMENT
650 _aTRAFFORD PARK
650 _aNORTH MANCHESTER
650 _aSOUTH MANCHESTER
650 _aINDUSTRIAL WAREHOUSES
690 _aPROPERTY-COMMERCIAL PROPERTY-COMMERCIAL PROPERTY MARKET
942 _n0
999 _c69979
_d69979